=LDR 00000nam 2200000 4500 =001 INLIS000000000000004 =005 20150217142217.0 =006 =007 =008 Ind =035 ##$$0010-061300000000004 =041 ##$$a Ind =082 ##$$a 907 =090 ##$$a 907, Sej =245 ##$$a Sejarah nasional dan umum untuk SMU sesuai kurikulum SMU 1994, Tim Penulis Drs.Kuswanto =260 ##$$a Solo $b Tiga Serangkai $c 1994 =300 ##$$a ...jil : ilus. ; 21cm =650 ##$$a Sejarah =650 ##$$a Studi dan pengajaran =700 ##$$a Kuswanto =850 ##$$a NBPNMAT =990 ##$$a 92915/BPAP-NTB/2014 =990 ##$$a 0001/BPAP-NTB/2016